Alphabet Anarchy Quiz Stats

 Plays Quiz Updated Jan 25, 2017

Support Sporcle.
Go Orange.
Score 0/54 Timer 02:00
3 Plays Today
% Correct
???
93.9%
???
86.7%
???
79.8%
???
77%
???
76.4%
???
72.9%
???
66.7%
???
64.3%
???
62.2%
???
60.4%
???
60.2%
???
57.3%
???
52.6%
???
52.5%
???
49.7%
???
46.7%
???
46.5%
???
45%
???
44.8%
???
42.5%
???
38.5%
???
36.5%
???
34.4%
???
33.8%
???
32.5%
???
32.4%
???
31.4%
% Correct
???
29.8%
???
28.8%
???
28.6%
???
27.9%
???
26.7%
???
25.3%
???
25.1%
???
24%
???
22.3%
???
21.4%
???
21%
???
19.8%
???
19.6%
???
19.1%
???
17.8%
???
17.4%
???
16.5%
???
15.1%
???
14.9%
???
14.5%
???
13.2%
???
13.1%
???
12.6%
???
11.6%
???
11.3%
???
10.8%
???
10.7%

You're not logged in!

Compare scores with friends on all Sporcle quizzes.
OR
Log In
Forgot?

From the Vault

The Illustrated Beatles: “Fab Foursomes!”

by needapausebutton

It's like turning a bunch of songs into a series of detailed emojis.
Remove Ads.
Support Sporcle.
Get the best of Sporcle when you Go Orange. This ad-free experience offers more features, more stats, and more fun while also helping to support Sporcle. Thank you for becoming a member.

Show Comments

Extras

Top Quizzes Today


Score Distribution

Your Account Isn't Verified!

In order to create a playlist on Sporcle, you need to verify the email address you used during registration. Go to your Sporcle Settings to finish the process.

Report this User

Report this user for behavior that violates our Community Guidelines.

Details: